| 000 | 003830000a22001090004500 | ||
|---|---|---|---|
| 090 |
_aAS _bSeriadas |
||
| 245 | 1 | 0 | _aPrimer registro de Tretanorhinus nigroluteus nigroluteus cope (<Reptilia: serpientes: Colubridae>) para Colombia |
| 041 | 0 | _aEspañol | |
| 100 | 1 |
_aAlarcón Pardo, Humberto _999070 |
|
| 942 | _cARTICULO | ||
| 773 | 1 |
_tLozania: Acta Zoológica Colombiana _3375 _h27 _q1-4 _d1978 |
|
| 999 |
_c15155 _d15155 |
||